000 00417nam a2200145 i 4500
001 104701
003 ES-MaACL
007 t|
008 051209s1953 sp ||||1| spa d
100 1 _aMiquel Soler, Acisclo.
_981411
245 1 4 _aLos telares circulares a recogida /
_cAcisclo Miquel Soler.
260 _aBarcelona :
_bBosch,
_c1953.
300 _a306 p. :
_bil. ;
_c20 cm.
852 _aES-MaACL
_jC-6891
_bR.35811
999 _c104701
_d104701